A history of capitalism, 1500-2000 / (Record no. 6694)

MARC details
000 -LEADER
fixed length control field 01114cam a2200193 4500
001 - CONTROL NUMBER
control field 7796
008 - FIXED-LENGTH DATA ELEMENTS--GENERAL INFORMATION
fixed length control field 010620s2001 nyua b 001 0 eng
020 ## - INTERNATIONAL STANDARD BOOK NUMBER
International Standard Book Number 1583670408 (cloth.)
International Standard Book Number 1583670416 (pbk.)
092 ## - LOCALLY ASSIGNED DEWEY CALL NUMBER (OCLC)
Classification number 330.122
Item number B373h 2001
100 1# - MAIN ENTRY--PERSONAL NAME
Personal name Beaud, Michel
245 12 - TITLE STATEMENT
Title A history of capitalism, 1500-2000 /
Statement of responsibility, etc. Michel Beaud ; translated by Tom Dickman & Anny Lefebvre
260 ## - PUBLICATION, DISTRIBUTION, ETC.
Place of publication, distribution, etc. New York :
Name of publisher, distributor, etc. Monthly Review Press,
Date of publication, distribution, etc. c2001
300 ## - PHYSICAL DESCRIPTION
Extent xii, 348 p. :
Other physical details ill. ;
Dimensions 23 cm
504 ## - BIBLIOGRAPHY, ETC. NOTE
Bibliography, etc. note Includes bibliographical references (p. 312-336) and index
505 ## - FORMATTED CONTENTS NOTE
Formatted contents note CONTENTS: Part I: From gold to capital -- The long journey toward capitalism -- The century of the three revolutions (eighteenth century) -- The irresistible rise of Industrial capitalism (1800-70) -- Part II: The era of imperialism -- From the great depression to the great war -- The great upheaval (1914-45) -- Capitalism's great leap forward (1945-80) -- The end of the twentieth century: an accelerating transformation of the contemporary world? -- Notes -- Index.
Miscellaneous information
Statement of responsibility
Title
650 #0 - SUBJECT ADDED ENTRY--TOPICAL TERM
Topical term or geographic name entry element Capitalism
General subdivision History
Topical term or geographic name entry element Economic history
Holdings
Withdrawn status Lost status Source of classification or shelving scheme Damaged status Not for loan Collection code Home library Current library Shelving location Date acquired Serial Enumeration / chronology Inventory number Total Checkouts Full call number Barcode Date last seen Date last checked out Price effective from Koha item type
    Dewey Decimal Classification     Main TEST RTC Library RTC Library Main opac 27/11/2018 11780 2 330.12 BEA 30012521 22/03/2021 17/02/2021 27/11/2018 Main
Royal Thimphu College || All Right Reserved